000 00498nam a2200169Ia 4500
003 GCL
008 140319s9999 xx 000 0 ara d
040 _aGCL /
_cGCL
082 0 4 _aد
_b050
100 1 _aعبدالعزيز شرف
245 1 0 _aمحمد حسين هيكل فى ذكراه ( اقرا 231 ) /
_cعبدالعزيز شرف
300 _a208 ص
490 _aوثائق ونصوص
_v0
650 0 4 _aمحمد حسين هيكل
650 0 4 _aالرجال - تراجم
942 _2ddc
_cCF
999 _c27333
_d27333